Sports Quiz

Random Sports or MLB Quiz

Baseball Last Time Quiz Stats

 Plays Quiz Updated Oct 3, 2018

Challenge
Share
Tweet
Embed
Score 0/50 Timer 09:00
6 Plays Today
Feat Player % Correct
Hit 60 HR in the NLBarry Bonds
93.3%
Hit .400 in the ALTed Williams
91.6%
Hit 55 HR in the NLGiancarlo Stanton
90.1%
Hit .375 in the ALGeorge Brett
89.4%
Hit .350 in the NLChipper Jones
88.9%
Hit 50 HR in the NLGiancarlo Stanton
88.9%
Hit 60 HR in the ALRoger Maris
86.9%
Steal 100 bases in the ALRickey Henderson
86.3%
Hit 50 HR in the ALAaron Judge
84.4%
Hit .350 in the ALJosh Hamilton
83.8%
Have 160 RBI in the NLSammy Sosa
82.9%
Strikeout 350 batters in the NLRandy Johnson
82.7%
Have a sub 2.00 ERA in the ALBlake Snell
78.4%
Have a sub 2.00 ERA in the NLJacob deGrom
77.9%
Hit 20 triples in the NLJimmy Rollins
76.1%
Hit .375 in the NLLarry Walker
75.6%
Hit 55 HR in the ALAlex Rodriguez
71.6%
Steal 75 bases in the NLJose Reyes
70.2%
Have a sub 1.50 ERA in the NLBob Gibson
69.1%
Have 160 RBI in the ALManny Ramirez
68.5%
Steal 75 bases in the ALKenny Lofton
67%
Strikeout 350 batters in the ALNolan Ryan
66.8%
Win 25 games in the NLSteve Carlton
57.9%
Have a sub 1.50 ERA in the ALWalter Johnson
56.8%
Pitch 10 Shutouts in the ALJim Palmer
53.9%
Feat Player % Correct
Have 180 RBI in the NLHack Wilson
51.9%
Have 180 RBI in the ALHank Greenberg
51.4%
Steal 100 bases in the NLVince Coleman
51.4%
Hit 55 doubles in the NLMatt Carpenter
48.6%
Hit 20 triples in the ALCurtis Granderson
47.2%
Pitch 275 innings in the ALDave Stewart
43.9%
Win 30 games in the ALDenny McLain
41%
Pitch 275 innings in the NLMike Scott
37.8%
Win 30 games in the NLDizzy Dean
36.3%
Win 25 games in the ALBob Welch
35.8%
Pitch 15 Complete Games in the NLCurt Schilling
35.8%
Hit 55 doubles in the ALJose Ramirez
35.5%
Pitch 325 innings in the NLPhil Niekro
34.8%
Pitch 20 Complete Games in the NLFernando Valenzuela
34.8%
Pitch 15 Complete Games in the ALJack McDowell
31.4%
Pitch 325 innings in the ALJim 'Catfish' Hunter
25.4%
Pitch 20 Complete Games in the ALBert Blyleven
22.8%
Pitch 10 Shutouts in the NLJohn Tudor
20.9%
Hit 60 doubles in the ALCharlie Gehringer
19.1%
Hit .400 in the NLBill Terry
17.8%
Hit 25 triples in the ALSam Crawford
17.2%
Hit 60 doubles in the NLJoe Medwick
16.7%
Pitch 25 Complete Games in the NLRandy Jones
16.5%
Hit 25 triples in the NLKiki Cuyler
4.3%
Pitch 25 Complete Games in the ALRick Langford
4.2%

You're not logged in!

Compare scores with friends on all Sporcle quizzes.
Join for Free
OR
Log In

You Might Also Like...

Show Comments

Extras

Top Quizzes Today


Score Distribution

Your Account Isn't Verified!

In order to create a playlist on Sporcle, you need to verify the email address you used during registration. Go to your Sporcle Settings to finish the process.

Report this User

Report this user for behavior that violates our Community Guidelines.

Details: